Unasylva vol.45 N179
Shranjeno v:
| Korporativna značnica: | |
|---|---|
| Format: | Knjiga |
| Jezik: | Undetermined |
| Izdano: |
Rome
Fao
1994
|
| Teme: | |
| Oznake: |
Označite
Brez oznak, prvi označite!
|
| Thư viện lưu trữ: | Trung tâm Học liệu Trường Đại học Cần Thơ |
|---|
| LEADER | 00443nam a2200181Ia 4500 | ||
|---|---|---|---|
| 001 | CTU_76789 | ||
| 008 | 210402s9999 xx 000 0 und d | ||
| 082 | |a 634 | ||
| 082 | |b U54/Vol.45.179 | ||
| 110 | |a FAO | ||
| 245 | 0 | |a Unasylva vol.45 N179 | |
| 260 | |a Rome | ||
| 260 | |b Fao | ||
| 260 | |c 1994 | ||
| 650 | |a Forests and forestry,Rice | ||
| 650 | |x Research | ||
| 904 | |i Năm | ||
| 980 | |a Trung tâm Học liệu Trường Đại học Cần Thơ | ||